History of the American economy. (10th ed.) (Record no. 45609)

MARC details
000 -LEADER
fixed length control field 00686nam a2200181 a 4500
008 - FIXED-LENGTH DATA ELEMENTS--GENERAL INFORMATION
fixed length control field 130416s2005 ||||||||||||||||| || u
020 ## - INTERNATIONAL STANDARD BOOK NUMBER
International Standard Book Number 0324259697
050 ## - LIBRARY OF CONGRESS CALL NUMBER
Classification number HC 103 WAL
100 ## - MAIN ENTRY--PERSONAL NAME
Personal name Rockoff, Hugh
245 10 - TITLE STATEMENT
Title History of the American economy. (10th ed.)
Statement of responsibility, etc. by Gary M. Walton and Hugh Rockoff
250 ## - EDITION STATEMENT
Edition statement 10th ed.
260 ## - PUBLICATION, DISTRIBUTION, ETC.
Place of publication, distribution, etc. Ohio, USA:
Name of publisher, distributor, etc. South- Western
Date of publication, distribution, etc. 2005
300 ## - PHYSICAL DESCRIPTION
Extent xvii, 622p.: ill.
650 ## - SUBJECT ADDED ENTRY--TOPICAL TERM
Topical term or geographic name entry element UNITED STATES--ECONOMIC CONDITIONS
650 ## - SUBJECT ADDED ENTRY--TOPICAL TERM
Topical term or geographic name entry element ECONOMIC HISTORY--UNITED STATES
700 ## - ADDED ENTRY--PERSONAL NAME
Personal name Walton, Gary M
995 ## - RECOMMENDATION 995 [LOCAL, UNIMARC FRANCE]
-- CBU-MAIN LIBRARY (Kitwe)
-- 1
-- AVAILABLE
-- Jun 14, 2013
-- Main Library Open Access Collection
Holdings
Withdrawn status Lost status Source of classification or shelving scheme Damaged status Not for loan Home library Current library Shelving location Date acquired Total Checkouts Full call number Barcode Date last seen Price effective from Koha item type
          CBU-MAIN LIBRARY, KITWE. CBU-MAIN LIBRARY, KITWE.   11/30/2022   HC 103 WAL 743935 11/30/2022 11/30/2022 MONOGRAPH